Сравнительный анализ эффективности фазочастотных алгоритмов оценки временного положения; Технологии Microsoft в теории и практике программирования

Մատենագիտական մանրամասներ
Parent link:Технологии Microsoft в теории и практике программирования.— 2014.— [С. 92-94]
Հիմնական հեղինակ: Нгуен Суан Хунг
Համատեղ հեղինակ: Национальный исследовательский Томский политехнический университет (ТПУ) Институт кибернетики (ИК) Кафедра прикладной математики (ПМ)
Այլ հեղինակներ: Иванченков В. П. Виктор Павлович, Кочегуров А. И. Александр Иванович
Ամփոփում:Заглавие с титульного листа.
The results of research of phase-frequency methods of following seismic signals. It is shown comparative analysis of efficiency of designed methods for determining the temporary position seismic signals.
Լեզու:ռուսերեն
Հրապարակվել է: 2014
Շարք:Математическое моделирование и технологии высокопроизводительных вычислений
Խորագրեր:
Առցանց հասանելիություն:http://www.lib.tpu.ru/fulltext/c/2014/C28/035.pdf
Ձևաչափ: Էլեկտրոնային Գրքի գլուխ
KOHA link:https://koha.lib.tpu.ru/cgi-bin/koha/opac-detail.pl?biblionumber=609518

MARC

LEADER 00000naa2a2200000 4500
001 609518
005 20240220104856.0
035 |a (RuTPU)RU\TPU\conf\7012 
035 |a RU\TPU\conf\7010 
090 |a 609518 
100 |a 20141118d2014 k y0rusy50 ca 
101 0 |a rus 
102 |a RU 
105 |a y z 100zy 
135 |a drgn ---uucaa 
181 0 |a i  
182 0 |a b 
200 1 |a Сравнительный анализ эффективности фазочастотных алгоритмов оценки временного положения  |f Нгуен Суан Хунг, В. П. Иванченков, А. И. Кочегуров 
203 |a Текст  |c электронный 
225 1 |a Математическое моделирование и технологии высокопроизводительных вычислений 
300 |a Заглавие с титульного листа. 
320 |a [Библиогр.: с. 94 (3 назв.)] 
330 |a The results of research of phase-frequency methods of following seismic signals. It is shown comparative analysis of efficiency of designed methods for determining the temporary position seismic signals. 
337 |a Adobe Reader 
463 1 |0 (RuTPU)RU\TPU\conf\6841  |t Технологии Microsoft в теории и практике программирования  |o сборник трудов XI Всероссийской научно-практической конференции студентов, аспирантов и молодых ученых, г.Томск, 23-24 апреля 2014 г.  |f Национальный исследовательский Томский политехнический университет (ТПУ), Институт кибернетики ; ред. кол. А. В. Лиепиньш и др.  |v [С. 92-94]  |d 2014 
610 1 |a электронный ресурс 
610 1 |a труды учёных ТПУ 
610 1 |a сравнительный анализ 
610 1 |a эффективность 
610 1 |a фазочастотные алгоритмы 
610 1 |a временное положение 
610 1 |a сейсмические сигналы 
610 1 |a сейсмотрассы 
700 0 |a Нгуен Суан Хунг  |c вьетнамский специалист в области информатики и вычислительной техники  |c ассистент кафедры Томского политехнического университета  |3 (RuTPU)RU\TPU\pers\35372 
701 1 |a Иванченков  |b В. П.  |c специалист в области информатики и вычислительной техники, геофизик  |c доцент Томского политехнического университета, кандидат технических наук  |f 1939-  |g Виктор Павлович  |3 (RuTPU)RU\TPU\pers\25396 
701 1 |a Кочегуров  |b А. И.  |c специалист в области информатики и вычислительной техники  |c доцент Томского политехнического университета, кандидат технических наук  |f 1954-  |g Александр Иванович  |3 (RuTPU)RU\TPU\pers\25544  |9 11474 
712 0 2 |a Национальный исследовательский Томский политехнический университет (ТПУ)  |b Институт кибернетики (ИК)  |b Кафедра прикладной математики (ПМ)  |3 (RuTPU)RU\TPU\col\18700 
801 2 |a RU  |b 63413507  |c 20160727  |g RCR 
856 4 |u http://www.lib.tpu.ru/fulltext/c/2014/C28/035.pdf 
942 |c BK